<?xml version="1.0" encoding="UTF-8"?>
<collection xmlns:xsi="http://www.w3.org/2001/XMLSchema-instance" xsi:schemaLocation="http://www.loc.gov/MARC21/slim http://www.loc.gov/standards/marcxml/schema/MARC21slim.xsd" xmlns="http://www.loc.gov/MARC21/slim">
 <record>
  <leader>00000ctm a22000003a 4500</leader>
  <controlfield tag="001">UP-99796217608257584</controlfield>
  <controlfield tag="003">Buklod</controlfield>
  <controlfield tag="005">20080220085506.0</controlfield>
  <controlfield tag="006">a     r    |||| u|</controlfield>
  <controlfield tag="007">ta</controlfield>
  <controlfield tag="008">080220s        xx     d     r    |||| u|</controlfield>
  <datafield tag="035" ind1=" " ind2=" ">
   <subfield code="a">(iLib)UPD-00007472872</subfield>
  </datafield>
  <datafield tag="040" ind1=" " ind2=" ">
   <subfield code="a">dche</subfield>
  </datafield>
  <datafield tag="041" ind1=" " ind2=" ">
   <subfield code="a">eng</subfield>
  </datafield>
  <datafield tag="090" ind1=" " ind2=" ">
   <subfield code="a">LG 993.5 1969 F66</subfield>
   <subfield code="b">D45</subfield>
  </datafield>
  <datafield tag="100" ind1="0" ind2=" ">
   <subfield code="a">De Lara, Laila</subfield>
  </datafield>
  <datafield tag="245" ind1="0" ind2="0">
   <subfield code="a">Factors affecting the texture of mango pickles (Burong Mangga)</subfield>
   <subfield code="c">Laila De Lara ; Matilde P. Guzman, adviser.</subfield>
  </datafield>
  <datafield tag="264" ind1=" " ind2="1">
   <subfield code="a">1969.</subfield>
  </datafield>
  <datafield tag="300" ind1=" " ind2=" ">
   <subfield code="c">48 leaves, tables</subfield>
  </datafield>
  <datafield tag="500" ind1=" " ind2=" ">
   <subfield code="a">Thesis (BSFT)--University of the Philippines Diliman</subfield>
  </datafield>
  <datafield tag="520" ind1=" " ind2=" ">
   <subfield code="a">In this experiment, the problem of softening in mango pickles (burong mangga) was explored. Two treatments - one with 200 ppm sodium benzoate and another with 1% CaCl2 were used. The resulting pickles from such treatments were compared to untreated mango pickles. The bases of comparison are the extent of softening as measured by the pectin content, the microbiological count, the pH, and the titratable acidity of the brine. The effect of the volume of the brine to the weight of the mangoes was studied as a corollary experiment. The texture of burong mangga was evaluated by a panel of judges. Results revealed that the pectin breakdown is the immediate cause of the softening and that the extent is dependent on the microbial count. The volume of the brine had no effect on texture. Sodium benzoate can keep microbial count low for a limited time. CaCl2 does not lower the microbial count although the calcium ions can react with the soluble pectin to form the insoluble calcium pectate which accounts for a rigid structure of the mangoes. The factors directly controlling the total plate count were not identified.</subfield>
  </datafield>
  <datafield tag="650" ind1="1" ind2="7">
   <subfield code="a">Mango</subfield>
   <subfield code="x">Preservation.</subfield>
  </datafield>
  <datafield tag="650" ind1="1" ind2="7">
   <subfield code="a">Mango</subfield>
   <subfield code="z">Philippines.</subfield>
  </datafield>
  <datafield tag="700" ind1="1" ind2=" ">
   <subfield code="a">Guzman, Matilde P.</subfield>
  </datafield>
  <datafield tag="905" ind1=" " ind2=" ">
   <subfield code="a">UPIANA</subfield>
  </datafield>
  <datafield tag="852" ind1="0" ind2=" ">
   <subfield code="a">UPD</subfield>
   <subfield code="b">DCHE</subfield>
   <subfield code="h">LG 993.5 1969 F66</subfield>
   <subfield code="i">D45</subfield>
  </datafield>
  <datafield tag="942" ind1=" " ind2=" ">
   <subfield code="a">Thesis</subfield>
  </datafield>
 </record>
</collection>
